书目信息 |
| 题名: |
网络生存与大学生的社会认同
|
|
| 作者: | 郑生勇 著 | |
| 分册: | ||
| 出版信息: | 杭州 浙江大学出版社 2015.06 |
|
| 页数: | 228页 | |
| 开本: | 23cm | |
| 丛书名: | ||
| 单 册: | ||
| 中图分类: | G645.5 , TP393.4-0 | |
| 科图分类: | ||
| 主题词: | 互联网络--关系--大学生--社会认知--研究 | |
| 电子资源: | ||
| ISBN: | 978-7-308-14787-3 | |
| 000 | 01212nam0 2200277 450 | |
| 001 | 0120151611523 | |
| 005 | 20160614151320.93 | |
| 010 | @a978-7-308-14787-3@dCNY35.00 | |
| 100 | @a20150728d2015 em y0chiy50 ea | |
| 101 | 0 | @achi |
| 102 | @aCN@b330000 | |
| 105 | @aak z 001yy | |
| 106 | @ar | |
| 200 | 1 | @a网络生存与大学生的社会认同@9wang luo sheng cun yu da xue sheng de she hui ren tong@dCyber life and social, identity of college students@f郑生勇等著@zeng |
| 210 | @a杭州@c浙江大学出版社@d2015.06 | |
| 215 | @a228页@c图@d23cm | |
| 300 | @a教育部人文社会科学研究规划基金项目“虚拟空间中的符号及其现实意义:网络文化对大学生社会认同的影响与对策研究”(项目批准号12YJA880170)项目成果 | |
| 330 | @a本书主要内容包括:大学生网络生存概况调查;大学生网络游戏的调查研究;大学生网络学习的调查研究;网络生存与大学生的社会需求;社会认同的理论分析;网络社会中的虚拟社区认同等九章。 | |
| 333 | @a互联网专业研究人员 | |
| 510 | 1 | @aCyber life and social, identity of college students@zeng |
| 606 | 0 | @a互联网络@x关系@x大学生@x社会认知@x研究 |
| 690 | @aG645.5@v5 | |
| 690 | @aTP393.4-0@v5 | |
| 701 | 0 | @a郑生勇@9zheng sheng yong@4著 |
| 801 | 0 | @aCN@b人天书店@c20150728 |
| 905 | @b879658-63@dG645.5@e770@f6 | |
| 网络生存与大学生的社会认同=Cyber life and social, identity of college students/郑生勇等著.-杭州:浙江大学出版社,2015.06 |
| 228页:图;23cm |
| 教育部人文社会科学研究规划基金项目“虚拟空间中的符号及其现实意义:网络文化对大学生社会认同的影响与对策研究”(项目批准号12YJA880170)项目成果.-使用对象:互联网专业研究人员 |
| ISBN 978-7-308-14787-3:CNY35.00 |
| 本书主要内容包括:大学生网络生存概况调查;大学生网络游戏的调查研究;大学生网络学习的调查研究;网络生存与大学生的社会需求;社会认同的理论分析;网络社会中的虚拟社区认同等九章。 |
| ● |
| 相关链接 |
|
|
|
|
正题名:网络生存与大学生的社会认同
索取号:G645.5/770
 
预约/预借
| 序号 | 登录号 | 条形码 | 馆藏地/架位号 | 状态 | 备注 |
| 1 | 879658 | 208796588 | 第一样本阅览室/ [索取号:G645.5/770] | 在馆 | |
| 2 | 879659 | 208796597 | 教育系资料室/ [索取号:G645.5/770] | 在馆 | |
| 3 | 879660 | 208796604 | 教育系资料室/ [索取号:G645.5/770] | 在馆 | |
| 4 | 879661 | 208796613 | 教育系资料室/ [索取号:G645.5/770] | 在馆 | |
| 5 | 879662 | 208796622 | 第四借阅区/ [索取号:G645.5/770] | 在馆 | |
| 6 | 879663 | 208796631 | 第四借阅区/ [索取号:G645.5/770] | 在馆 |